Statistiques concernant capital des pays aleatoire

Cliquez ici pour prendre le quiz!

Statistiques générales

  • Ce quiz a été pris 21 fois
  • Le résultat moyen est 5 sur 15

Réponses sur la Carte

Les réponses sont colorées sur une échelle allant du rouge au vert en fonction du pourcentage des utilisateurs qui les ont devinées à leur premier essai. Vous pouvez retrouver ces pourcentages ci-dessous.
 

Statistiques - réponses

Réponse% Correct
France
81%
Algérie
62%
Espagne
57%
maroc
48%
Egypte
43%
Tunisie
43%
japon
43%
Libye
29%
Corée du sud
19%
Indonésie
19%
Sénégal
19%
Corée du nord
14%
Qatar
10%
Malaisie
5%
uae
5%

Distribution des résultats

Percentile par nombre de réponses

% des personnes avec chaque résultat

Votre développement - résultats

Vous n’avez pas pris ce quiz